00397 2200157 4500245005000000020002200050250001100072100002000083650001600103005001900119260004100138041001400179084000800193300002900201336000900230 aSurat Cinta dari KairocLuna SyahrazadehText a978-979-17562-3-6 aCet. 1 aLuna Syahrazade aNovel Fiksi a20230119083255 aYogyakartabPenerbit Nusantarac2008 aIndonesia a813 aviii, 153 hlm. :c19 cm. atext